Central Library OPAC University of Rajshahi

সংস্কৃতি-কথা সাহিত্য-কথা (Record no. 39168)

MARC details
000 -LEADER
fixed length control field 00761nam a2200217 a 4500
001 - CONTROL NUMBER
control field 39168
003 - CONTROL NUMBER IDENTIFIER
rucl marc code BD-RjUL
005 - DATE AND TIME OF LATEST TRANSACTION
control field 20211209052931.0
008 - FIXED-LENGTH DATA ELEMENTS--GENERAL INFORMATION
fixed length control field 160405t2004 bg ||||e |||| 00| 0 ben d
020 ## - INTERNATIONAL STANDARD BOOK NUMBER
International Standard Book Number 9845602169
Terms of availability Tk. 120.00
035 ## - SYSTEM CONTROL NUMBER
System control number (BD-RjUL)39280
040 ## - CATALOGING SOURCE
Original cataloging agency BD-RjUL
Language of cataloging ben
Transcribing agency BD-RjUL
041 ## - LANGUAGE CODE
Language code of text/sound track or separate title ben
082 ## - DEWEY DECIMAL CLASSIFICATION NUMBER
Edition number 23
Classification number 891.44
Author mark and year KHS 2004
100 ## - MAIN ENTRY--PERSONAL NAME
Personal name খাতুন, সন্জীদা .
9 (RLIN) 120836
245 10 - TITLE STATEMENT
Title সংস্কৃতি-কথা সাহিত্য-কথা
Statement of responsibility, etc. সন্জীদা খাতুন .
260 ## - PUBLICATION, DISTRIBUTION, ETC. (IMPRINT)
Place of publication, distribution, etc. ঢাকা :
Name of publisher, distributor, etc. জাতীয় সাহিত্য প্রকাশ,
Date of publication, distribution, etc. ২০০৪
300 ## - PHYSICAL DESCRIPTION
Pagination ১৬৪ পৃ. ;
Size ২২ সেমি.
650 ## - SUBJECT ADDED ENTRY--TOPICAL TERM
Topical term or geographic name as entry element Bangla Literature
9 (RLIN) 120949
942 ## - ADDED ENTRY ELEMENTS (KOHA)
Source of classification or shelving scheme Dewey Decimal Classification
Koha item type Books
Holdings
Lost status Source of classification or shelving scheme Damaged status Not for loan Collection code Permanent Location Current Location Shelving location Date acquired Source of acquisition Cost, normal purchase price Total Checkouts Full call number Date last seen Copy number Koha item type
  Dewey Decimal Classification   Not For Loan Rare Books Central Library, University of Rajshahi Central Library, University of Rajshahi Reading Room 30/07/2013 Jatiya Sahitya prakash, Dhaka 120.00   B 891.44 KHS 2004 05/04/2016 C-1 Books
  Dewey Decimal Classification     Non-fiction Central Library, University of Rajshahi Central Library, University of Rajshahi   30/07/2013 Jatiya Sahitya prakash, Dhaka 120.00   B 891.44 KHS 2004 05/04/2016 C-2 Books
  Dewey Decimal Classification     Non-fiction Central Library, University of Rajshahi Central Library, University of Rajshahi   30/07/2013 Jatiya Sahitya prakash, Dhaka 120.00   B 891.44 KHS 2004 05/04/2016 C-3 Books